[Event "CRO-chT2 Center"]
[Site "Zagreb"]
[Date "2012.10.14"]
[Round "7.16"]
[White "Takac, Zvonko"]
[Black "Ugrin, Dragan"]
[Result "1-0"]
[WhiteElo "2074"]
[BlackElo "2121"]
[PlyCount "90"]
[EventDate "2012.03.18"]
[EventType "team-swiss"]
[EventRounds "11"]
[EventCountry "CRO"]
[SourceTitle "EXT 2019"]
[Source "ChessBase"]
[SourceDate "2018.10.10"]
[SourceVersion "1"]
[SourceVersionDate "2018.10.10"]
[SourceQuality "1"]

1. d4 Nf6 2. c4 g6 3. Nc3 Bg7 4. e4 d6 5. Nf3 0-0 6. Be2 e5 7. 0-0 Nc6 8. d5 Ne7 9. b4 Nh5 10. Ne1 Nf4 11. Nd3 a5 12. bxa5 Rxa5 13. a4 f5 14. Bd2 Ra8 15. f3 g5 16. exf5 Nxf5 17. Ne4 Nd4 18. Nxf4 gxf4 19. g4 h5 20. g5 Bh3 21. Rf2 Nf5 22. Bd3 h4 23. Bf1 Ne3 24. Bxe3 fxe3 25. Bxh3 exf2+ 26. Kxf2 Rf4 27. Qg1 c6 28. Be6+ Kf8 29. Qb1 Qc7 30. c5 cxd5 31. Bxd5 dxc5 32. Qxb7 Qxb7 33. Bxb7 Ra5 34. Bc6 Ke7 35. Rd1 Rxe4 36. fxe4 c4 37. Bb5 Ra7 38. Rc1 Kf7 39. Kf3 Bf8 40. Kg4 Kg7 41. Rxc4 Rf7 42. Kxh4 Rf4+ 43. Kg3 Ba3 44. h4 Bb2 45. Bd7 Bd4 1-0

[Event "CRO-chT3 Center-A"]
[Site "Zagreb"]
[Date "2011.04.10"]
[Round "6.56"]
[White "Ugrin, Dragan"]
[Black "Sliepcevic, Mladen"]
[Result "0-1"]
[WhiteElo "2109"]
[BlackElo "2186"]
[PlyCount "120"]
[EventDate "2011.03.13"]
[EventType "team-tourn"]
[EventRounds "11"]
[EventCountry "CRO"]
[SourceTitle "EXT 2014"]
[Source "ChessBase"]
[SourceDate "2013.11.20"]
[SourceVersion "1"]
[SourceVersionDate "2013.11.20"]
[SourceQuality "1"]

1. e4 c5 2. Nf3 d6 3. d4 cxd4 4. Nxd4 Nf6 5. Nc3 Nc6 6. Be2 e5 7. Nb3 Be7 8. Bg5 Be6 9. Qd2 a5 10. Rd1 a4 11. Nc1 Qb6 12. Be3 Qa5 13. a3 0-0 14. 0-0 Rfd8 15. f3 d5 16. Nxd5 Nxd5 17. Qxa5 Rxa5 18. exd5 Raxd5 19. Rxd5 Rxd5 20. Bc4 Bc5 21. Bxc5 Rxc5 22. Bxe6 fxe6 23. c3 Rd5 24. Rf2 Na5 25. Rc2 Nc4 26. Kf2 Rd1 27. Ke2 Rg1 28. Kf2 Rd1 29. Ke2 Nxb2 30. Rxb2 Rxc1 31. Kd3 Ra1 32. Rxb7 Rxa3 33. h4 Ra2 34. g4 a3 35. Ra7 Ra1 36. Kc4 Rf1 37. Rxa3 Rxf3 38. Kc5 Rf4 39. Kd6 Kf7 40. Ra7+ Kf6 41. g5+ Kf5 42. h5 e4 43. Ra5+ Kg4 44. Re5 Kf3 45. c4 e3 46. c5 e2 47. c6 Re4 48. Rxe4 Kxe4 49. c7 e1Q 50. c8Q Qg3+ 51. Kd7 Qxg5 52. Qc2+ Kf4 53. Qxh7 e5 54. Ke8 e4 55. Kf8 e3 56. Qxg7 Qxh5 57. Qd4+ Kf3 58. Qd1+ e2 59. Qd3+ Kf2 60. Qd4+ Kg2 0-1

[Event "CRO-chT3A Center"]
[Site "Zagreb"]
[Date "2010.11.14"]
[Round "11.66"]
[White "Ugrin, Dragan"]
[Black "Bilafer, Nedjeljko"]
[Result "1/2-1/2"]
[WhiteElo "2122"]
[BlackElo "2006"]
[PlyCount "59"]
[EventDate "2010.03.21"]
[EventType "team-tourn"]
[EventRounds "11"]
[EventCountry "CRO"]
[SourceTitle "EXT 2012"]
[Source "ChessBase"]
[SourceDate "2011.11.24"]
[SourceVersion "1"]
[SourceVersionDate "2011.11.24"]
[SourceQuality "1"]

1. e4 e5 2. Nf3 Nc6 3. Bb5 Nge7 4. 0-0 a6 5. Ba4 h6 6. c3 d6 7. h3 g5 8. d4 b5 9. Bb3 g4 10. Nh2 gxh3 11. Qf3 Rh7 12. gxh3 exd4 13. Kh1 Ne5 14. Qh5 d3 15. f4 Nc4 16. Nd2 d5 17. exd5 Qxd5+ 18. Qxd5 Nxd5 19. Nxc4 bxc4 20. Bxc4 Bb7 21. Nf3 Bd6 22. Bxd3 Rg7 23. Be4 0-0-0 24. Ne5 Ne7 25. Bxb7+ Kxb7 26. Be3 f6 27. Nc4 Rg3 28. Kh2 Rdg8 29. Rg1 Rxe3 30. Rxg8 1/2-1/2

[Event "CRO-chT3A Center"]
[Site "Zagreb"]
[Date "2010.04.25"]
[Round "5.36"]
[White "Ugrin, Dragan"]
[Black "Livaic, Leon"]
[Result "1-0"]
[WhiteElo "2122"]
[BlackElo "1852"]
[PlyCount "45"]
[EventDate "2010.03.21"]
[EventType "team-tourn"]
[EventRounds "11"]
[EventCountry "CRO"]
[SourceTitle "EXT 2012"]
[Source "ChessBase"]
[SourceDate "2011.11.24"]
[SourceVersion "1"]
[SourceVersionDate "2011.11.24"]
[SourceQuality "1"]

1. e4 e6 2. d4 d5 3. Nd2 Nf6 4. e5 Nfd7 5. Bd3 c5 6. c3 Nc6 7. Ne2 Qb6 8. Nf3 cxd4 9. cxd4 Bb4+ 10. Kf1 Be7 11. a3 Qc7 12. Be3 Nb6 13. Rc1 Bd7 14. h4 Rc8 15. Nf4 Qb8 16. Ng5 Nd8 17. Nxh7 Rxc1 18. Bxc1 Qc7 19. Nh5 Rxh7 20. Bxh7 Ba4 21. Nxg7+ Kf8 22. Qd2 Bb5+ 23. Kg1 1-0

[Event "CRO-chT3A Center"]
[Site "Zagreb"]
[Date "2010.04.11"]
[Round "3.26"]
[White "Ugrin, Dragan"]
[Black "Fiamengo, Josko"]
[Result "1-0"]
[WhiteElo "2122"]
[BlackElo "1993"]
[PlyCount "61"]
[EventDate "2010.03.21"]
[EventType "team-tourn"]
[EventRounds "11"]
[EventCountry "CRO"]
[SourceTitle "EXT 2012"]
[Source "ChessBase"]
[SourceDate "2011.11.24"]
[SourceVersion "1"]
[SourceVersionDate "2011.11.24"]
[SourceQuality "1"]

1. e4 c5 2. Nf3 d6 3. d4 cxd4 4. Nxd4 Nf6 5. Nc3 e6 6. Be2 Be7 7. Be3 Nc6 8. Qd2 0-0 9. 0-0-0 a6 10. Kb1 Qc7 11. f4 Bd7 12. g4 Nxd4 13. Bxd4 Bc6 14. Bf3 Rfd8 15. g5 Nd7 16. h4 b5 17. h5 b4 18. Ne2 e5 19. Be3 Qb7 20. Ng3 exf4 21. Bxf4 Ne5 22. Bg2 Rac8 23. Nf5 Bf8 24. Bxe5 dxe5 25. Qxd8 Rxd8 26. Rxd8 g6 27. hxg6 fxg6 28. Nh6+ Kg7 29. Rf1 Qe7 30. Rdxf8 Qxg5 31. Rg8+ 1-0

[Event "CRO-chT3A Center"]
[Site "Zagreb"]
[Date "2010.03.28"]
[Round "2.66"]
[White "Sudar, Boris"]
[Black "Ugrin, Dragan"]
[Result "1-0"]
[WhiteElo "2164"]
[BlackElo "2122"]
[PlyCount "61"]
[EventDate "2010.03.21"]
[EventType "team-tourn"]
[EventRounds "11"]
[EventCountry "CRO"]
[SourceTitle "EXT 2012"]
[Source "ChessBase"]
[SourceDate "2011.11.24"]
[SourceVersion "1"]
[SourceVersionDate "2011.11.24"]
[SourceQuality "1"]

1. d4 Nf6 2. Nf3 g6 3. g3 b6 4. Bg2 Bb7 5. 0-0 Bg7 6. c4 0-0 7. Nc3 d6 8. Qc2 c5 9. d5 Nbd7 10. b3 a6 11. a4 Ng4 12. h3 Nge5 13. Nh4 Nf6 14. Bb2 Qc7 15. f4 Ned7 16. f5 Nh5 17. fxg6 hxg6 18. Nxg6 fxg6 19. Qxg6 Nhf6 20. Ne4 Ne5 21. Bxe5 dxe5 22. Ng5 Qd6 23. Ne6 Rf7 24. Be4 Bc8 25. Rxf6 Bxe6 26. Rxe6 Qd8 27. d6 Ra7 28. Bd5 exd6 29. Rxd6 Qf8 30. Rf1 e4 31. Rxf7 1-0

[Event "CRO-chT3A Center"]
[Site "Zagreb"]
[Date "2010.03.21"]
[Round "1.16"]
[White "Galic, Kruno"]
[Black "Ugrin, Dragan"]
[Result "1/2-1/2"]
[WhiteElo "2096"]
[BlackElo "2122"]
[PlyCount "184"]
[EventDate "2010.03.21"]
[EventType "team-tourn"]
[EventRounds "11"]
[EventCountry "CRO"]
[SourceTitle "EXT 2012"]
[Source "ChessBase"]
[SourceDate "2011.11.24"]
[SourceVersion "1"]
[SourceVersionDate "2011.11.24"]
[SourceQuality "1"]

1. d4 Nf6 2. Nf3 g6 3. Nbd2 Bg7 4. e4 d6 5. Bd3 Nc6 6. c3 0-0 7. 0-0 e5 8. h3 Nh5 9. Nb3 h6 10. Re1 Qe7 11. Be3 b6 12. a4 a5 13. Nbd2 Nd8 14. Bf1 Ne6 15. g3 exd4 16. cxd4 c5 17. Nc4 Rb8 18. d5 Ng5 19. Bxg5 hxg5 20. e5 dxe5 21. Nfxe5 Qf6 22. d6 Be6 23. Nc6 Rb7 24. N4e5 Bd7 25. Ne7+ Kh7 26. Bg2 Ra7 27. Be4 Kh6 28. N7c6 Rb7 29. Nxa5 Qxe5 30. Nxb7 Nxg3 31. Bg2 Qd4 32. a5 bxa5 33. Nxa5 Nf5 34. Qxd4 Bxd4 35. Nc4 Be6 36. Rac1 Bxc4 37. Rxc4 Nxd6 38. Rc2 Rb8 39. Ree2 Kg7 40. Kf1 Nf5 41. Be4 Nh4 42. Bd5 Kf6 43. b3 Rd8 44. Bc4 Rd7 45. Rcd2 Ra7 46. Ra2 Rd7 47. Red2 Ke5 48. Ra8 f5 49. Ra4 Kf4 50. Be2 Rb7 51. b4 Ke5 52. bxc5 Rb1+ 53. Rd1 Rxd1+ 54. Bxd1 Bxc5 55. Ra6 Bd6 56. Bb3 f4 57. Bc2 Nf5 58. Bxf5 gxf5 59. f3 Bc5 60. Rg6 Be7 61. Ke2 Bf6 62. Rg8 Ke6 63. Kd3 Kf7 64. Ra8 Be5 65. Ra6 Bf6 66. Kc4 Kg6 67. Kd5 g4 68. hxg4 fxg4 69. fxg4 Kg5 70. Ke4 Bc3 71. Kf3 Bd2 72. Rd6 Be3 73. Rd5+ Kg6 74. Rf5 Bd2 75. Rf8 Kg5 76. Rg8+ Kf6 77. Ke4 Kf7 78. Rd8 Be3 79. Rd6 Kg7 80. Kf5 f3 81. Rd7+ Kh6 82. Rd6+ Kg7 83. Rg6+ Kh7 84. Rf6 Bd4 85. Rf7+ Kg8 86. Kg6 f2 87. Rf3 Bc5 88. g5 Bb6 89. Kh6 Bc5 90. g6 Bf8+ 91. Kh5 Bc5 92. Rf5 Bd4 1/2-1/2

[Event "Velika Gorica op 8th"]
[Site "Velika Gorica"]
[Date "2008.08.29"]
[Round "8"]
[White "Rozic, Marijan"]
[Black "Ugrin, Dragan"]
[Result "1/2-1/2"]
[WhiteElo "2090"]
[BlackElo "2180"]
[PlyCount "81"]
[EventDate "2008.08.23"]
[EventType "swiss"]
[EventRounds "9"]
[EventCountry "CRO"]
[SourceTitle "CBM 126 Extra"]
[Source "ChessBase"]
[SourceDate "2008.11.05"]
[SourceVersion "1"]
[SourceVersionDate "2008.11.05"]
[SourceQuality "1"]

1. Nf3 Nf6 2. d4 g6 3. g3 Bg7 4. Bg2 0-0 5. 0-0 d6 6. c3 c6 7. Nbd2 Qc7 8. Ng5 a5 9. a4 Ra6 10. e4 h6 11. Nh3 e5 12. Re1 Bg4 13. Qc2 Qd7 14. Nb3 Bxh3 15. dxe5 dxe5 16. Nc5 Qc8 17. Nxa6 Nxa6 18. Be3 Bxg2 19. Kxg2 c5 20. f3 Qc7 21. Red1 g5 22. Qd2 Rc8 23. h4 g4 24. Bxh6 gxf3+ 25. Kxf3 Qc6 26. Bxg7 Qxe4+ 27. Kf2 Kxg7 28. Qg5+ Qg6 29. Qxg6+ fxg6 30. Ke3 Nc7 31. Rd6 Ncd5+ 32. Ke2 c4 33. Rd1 Rc5 34. g4 Nf4+ 35. Kf3 Nd3 36. g5 Nd5 37. Rd7+ Kf8 38. Rxb7 N5f4 39. Rd2 Rd5 40. Rb8+ Ke7 41. Ke3 1/2-1/2

[Event "Velika Gorica op 8th"]
[Site "Velika Gorica"]
[Date "2008.08.25"]
[Round "4"]
[White "Cesmadziski, Tin"]
[Black "Ugrin, Dragan"]
[Result "1-0"]
[WhiteElo "1973"]
[BlackElo "2180"]
[PlyCount "84"]
[EventDate "2008.08.23"]
[EventType "swiss"]
[EventRounds "9"]
[EventCountry "CRO"]
[SourceTitle "CBM 126 Extra"]
[Source "ChessBase"]
[SourceDate "2008.11.05"]
[SourceVersion "1"]
[SourceVersionDate "2008.11.05"]
[SourceQuality "1"]

1. e4 e5 2. Nf3 Nc6 3. Bb5 a6 4. Ba4 Nf6 5. 0-0 Be7 6. Re1 b5 7. Bb3 0-0 8. c3 d5 9. d4 exd4 10. e5 Ne4 11. cxd4 Bg4 12. Nc3 Bxf3 13. gxf3 Nxc3 14. bxc3 Na5 15. Bc2 g6 16. Kh1 Bh4 17. Qe2 Qd7 18. Rg1 Rfe8 19. Qf1 Kh8 20. Rg4 Be7 21. Qh3 Rg8 22. Bf4 Qe6 23. Rag1 Rg7 24. Bh6 Rgg8 25. f4 c5 26. f5 Qc6 27. f6 Bxf6 28. exf6 Qxf6 29. Rf4 Qe6 30. Qxe6 fxe6 31. Re1 cxd4 32. cxd4 Rac8 33. Bd3 Rge8 34. Rf6 Rc6 35. Bf1 Nc4 36. Bh3 Na3 37. Rfxe6 Rexe6 38. Rxe6 Rxe6 39. Bxe6 Nc2 40. Bxd5 Nxd4 41. Bf4 Nf5 42. Be5+ Ng7 1-0

[Event "Velika Gorica op 8th"]
[Site "Velika Gorica"]
[Date "2008.08.23"]
[Round "1"]
[White "Ugrin, Dragan"]
[Black "Havas, Janko"]
[Result "1/2-1/2"]
[WhiteElo "2180"]
[BlackElo "1930"]
[PlyCount "160"]
[EventDate "2008.08.23"]
[EventType "swiss"]
[EventRounds "9"]
[EventCountry "CRO"]
[SourceTitle "CBM 126 Extra"]
[Source "ChessBase"]
[SourceDate "2008.11.05"]
[SourceVersion "1"]
[SourceVersionDate "2008.11.05"]
[SourceQuality "1"]

1. e4 c5 2. Nf3 Nc6 3. d4 cxd4 4. Nxd4 Nf6 5. Nc3 e5 6. Ndb5 d6 7. Bg5 a6 8. Bxf6 gxf6 9. Na3 b5 10. Nd5 f5 11. Bd3 Be6 12. c3 Bxd5 13. exd5 Ne7 14. Nxb5 Bg7 15. Na3 Rb8 16. Bxa6 Qa5 17. Qd3 e4 18. Bb5+ Kf8 19. Qc4 Rc8 20. Bc6 Nxc6 21. dxc6 d5 22. Qb3 Rxc6 23. 0-0 Rb6 24. Qc2 Ke7 25. Nb1 Rc8 26. Qd2 Qb5 27. Qg5+ Rf6 28. Na3 Qxb2 29. Rab1 Qxa3 30. Qxg7 Qxc3 31. Rb7+ Rc7 32. Rb3 Qa5 33. Rb8 Qc5 34. a4 Rc8 35. Rb7+ Rc7 36. Rb5 Qc6 37. Qxh7 Qd7 38. Qh4 Rcc6 39. Rfb1 Qd8 40. a5 Qc7 41. Rxd5 Rc1+ 42. Rd1 Rxd1+ 43. Rxd1 Qxa5 44. Rb1 Qc7 45. Qg5 Qc6 46. h4 Qd6 47. h5 Kf8 48. Rc1 Qe6 49. Rd1 e3 50. fxe3 f4 51. exf4 Qe3+ 52. Kh1 Qxf4 53. Rd8+ Ke7 54. Qxf4 Rxf4 55. Rd5 Ke6 56. Ra5 Rh4+ 57. Kg1 f5 58. Ra6+ Kf7 59. h6 Kg8 60. Rf6 Kh7 61. Rxf5 Kxh6 62. Kf2 Kg6 63. Kg3 Ra4 64. Rf4 Ra5 65. Kf3 Kg5 66. Rf8 Ra3+ 67. Kf2 Ra2+ 68. Kg3 Ra3+ 69. Kh2 Ra2 70. Kh3 Ra3+ 71. g3 Rb3 72. Rg8+ Kh5 73. Rc8 Ra3 74. Rc5+ Kg6 75. Kh4 Ra6 76. g4 Rb6 77. Rc8 Ra6 78. Rg8+ Kh7 79. Rg5 Kh6 80. Re5 Kg6 1/2-1/2

[Event "Velika Gorica op 4th"]
[Site "Velika Gorica"]
[Date "2004.08.24"]
[Round "5"]
[White "Kostrun, Slaven"]
[Black "Ugrin, Dragan"]
[Result "0-1"]
[WhiteElo "2232"]
[BlackElo "2155"]
[PlyCount "72"]
[EventDate "2004.08.21"]
[EventType "swiss"]
[EventRounds "9"]
[EventCountry "CRO"]
[SourceTitle "EXT 2005"]
[Source "ChessBase"]
[SourceDate "2004.11.15"]
[SourceVersion "1"]
[SourceVersionDate "2004.11.15"]
[SourceQuality "1"]

1. c4 Nf6 2. Nc3 g6 3. e4 d6 4. g3 c5 5. Bg2 Nc6 6. Nge2 Bg7 7. 0-0 0-0 8. d3 Ne8 9. Be3 Nc7 10. Qd2 Ne6 11. Bh6 Ned4 12. Bxg7 Kxg7 13. Nxd4 Nxd4 14. f4 Qa5 15. f5 f6 16. fxg6 hxg6 17. Rab1 Rb8 18. b4 cxb4 19. Nd5 Qc5 20. Kh1 a5 21. Nxe7 Qh5 22. Qf2 Qe5 23. Nd5 Bg4 24. Qd2 Rh8 25. Qf4 Rxh2+ 26. Kxh2 Qh5+ 27. Kg1 Ne2+ 28. Kf2 Nxf4 29. gxf4 Qh4+ 30. Ke3 Qg3+ 31. Bf3 Rh8 32. Rb2 Bxf3 33. Rxf3 Qe1+ 34. Re2 Qc1+ 35. Kd4 b5 36. Ne3 Qc3+ 0-1

[Event "Velika Gorica op 3rd"]
[Site "Velika Gorica"]
[Date "2003.??.??"]
[Round "5"]
[White "Kapic, Ibrahim"]
[Black "Ugrin, Dragan"]
[Result "0-1"]
[WhiteElo "2200"]
[BlackElo "2151"]
[PlyCount "96"]
[EventDate "2003.08.??"]
[EventType "swiss"]
[EventRounds "9"]
[EventCountry "CRO"]
[SourceTitle "EXT 2005"]
[Source "ChessBase"]
[SourceDate "2004.11.15"]
[SourceVersion "1"]
[SourceVersionDate "2004.11.15"]
[SourceQuality "1"]

1. e4 e5 2. Nf3 Nc6 3. Bb5 a6 4. Bxc6 dxc6 5. 0-0 f6 6. d4 Bg4 7. c3 Bd6 8. Be3 Ne7 9. Nbd2 Be6 10. dxe5 fxe5 11. Ng5 Bg8 12. Qh5+ Ng6 13. Qe2 Qf6 14. Nc4 h6 15. Nxd6+ cxd6 16. Nf3 Be6 17. Nd2 0-0 18. c4 d5 19. cxd5 cxd5 20. exd5 Bxd5 21. f3 Nf4 22. Bxf4 exf4 23. b3 Rfe8 24. Qf2 Re3 25. Rfe1 Rae8 26. Nf1 R3e6 27. Rad1 Bc6 28. Rxe6 Rxe6 29. h3 g5 30. h4 gxh4 31. Nh2 h5 32. Qc5 Re5 33. Qc4+ Kg7 34. a4 Rg5 35. Kh1 Qb2 36. Rg1 Qe5 37. Qb4 Rg6 38. Qd2 Qe3 39. Qd1 h3 40. gxh3 Rxg1+ 41. Qxg1+ Qxg1+ 42. Kxg1 a5 43. Nf1 Bxf3 44. Nd2 Bd5 45. Kf2 Kf6 46. Ke2 Kg5 47. Kd3 Kf6 48. Kd4 Bc6 0-1

[Event "Velika Gorica op 2nd"]
[Site "Velika Gorica"]
[Date "2002.06.22"]
[Round "1"]
[White "Ugrin, Dragan"]
[Black "Zaja, Ivan"]
[Result "1/2-1/2"]
[WhiteElo "2118"]
[BlackElo "2459"]
[PlyCount "62"]
[EventDate "2002.06.22"]
[EventType "swiss"]
[EventRounds "9"]
[EventCountry "CRO"]
[SourceTitle "CBM 089 Extra"]
[Source "ChessBase"]
[SourceDate "2002.09.10"]
[SourceVersion "2"]
[SourceVersionDate "2002.09.10"]
[SourceQuality "1"]

1. e4 e6 2. d4 d5 3. Nc3 Bb4 4. e5 c5 5. a3 Ba5 6. b4 cxd4 7. Nb5 Bb6 8. Qg4 Kf8 9. Nf3 Nc6 10. Bb2 Qe7 11. Nbxd4 Nxb4 12. Nxe6+ Bxe6 13. Qxb4 Qxb4+ 14. axb4 Ne7 15. Nd4 Nc6 16. Nxc6 bxc6 17. Bd3 Ke7 18. Ke2 Rhb8 19. Bc3 g6 20. Rhb1 Bf5 21. Bxf5 gxf5 22. f4 Rg8 23. g3 h5 24. Kf3 d4 25. Be1 f6 26. exf6+ Kxf6 27. Bf2 Rge8 28. Rd1 Rad8 29. Rd3 Rd5 30. Rad1 Re4 31. h3 Kg6 1/2-1/2